Emergencias y urgencias en pediatría: el ABC de la atención al niño grave

書目詳細資料
主要作者: Encalada Ortiz, Gonzalo
格式: 圖書
語言:Spanish
主題:

MARC

LEADER 00000cam a2200000 a 4500
001 201682
003 Ucuenca
005 20230308180336.0
008 000060|2000 ec |||||r|||||||||||spa||
040 |b spa 
041 0 |a spa 
082 0 |a 618.92 
100 1 |a Encalada Ortiz, Gonzalo  |9 87074 
245 |a Emergencias y urgencias en pediatría: el ABC de la atención al niño grave  |c Gonzalo Encalada Ortiz  |h imp 
264 |a Quito  |c 2000  |b s.e. 
300 |a 126 páginas:  |c 21 cm 
300 |b tab 
504 |a incl. ref. 
650 |9 2764  |a Urgencias  
650 0 |a Pediatría  |9 2161 
852 |a UC-SALUD  |f Donación  |l 1  |m General  |p 20000608  |q 30.000,00  |r 1  |t 26297  |w Medicina  |y 121320  |b 0  |d CDRS  |e CDRS  |g 618.92 ESTANTERIA ABIERTA  |z 2000-00-60 
942 |c BK  |z marlene.quinde@ucuenca.edu.ec  |0 1 
999 |c 52523  |d 52523